Music Quiz

Random Music or Bands Quiz

Lyric Inspired Tattoos (Pop-Punk) Quiz Stats

 Plays Quiz not verified by Sporcle

Challenge
Share
Tweet
Score 0/15 Timer 05:00
0 Plays Today
% Correct
My Chemical Romance - Famous Last Words
78.2%
All-American Rejects - Move Along
69.7%
blink-182 - I Miss You
60.4%
Fall Out Boy - Save Rock and Roll
58.4%
Twenty One Pilots - Migraine
51.5%
Panic! At the Disco - Northern Downpour
43.7%
Paramore - Playing God
30.4%
Sleeping With Sirens - Who Are You Now
28%
% Correct
All Time Low - Heroes
23.7%
Jimmy Eat World - Hear You Me
15.7%
Green Day - Whatshername
14.9%
Mayday Parade - Ocean And Atlantic
11.6%
Simple Plan - Save You
11.1%
Owl City - The Real World
10.1%
Muse - Unintended
9%

You're not logged in!

Compare scores with friends on all Sporcle quizzes.
OR
Log In

You Might Also Like...

Show Comments

Extras

Top Quizzes Today


Score Distribution

Your Account Isn't Verified!

In order to create a playlist on Sporcle, you need to verify the email address you used during registration. Go to your Sporcle Settings to finish the process.

Report this User

Report this user for behavior that violates our Community Guidelines.

Details: